領域展開の名前クイズ - Statistics

General Stats
  • This quiz has been taken 300 times
  • The average score is 8 of 13
Answer Stats
領域名 % Correct
五条悟 無量空処
95%
両面宿儺 伏魔御廚子
83%
真人 自閉円頓裹
78%
伏黒恵 嵌合暗翳庭
77%
漏瑚 蓋棺鉄囲山
76%
三重疾苦
62%
乙骨憂太 真贋相愛
60%
秤金次 坐殺博徒
57%
陀艮 蕩蘊平線
53%
羂索 胎蔵遍野
53%
花御 朶頤光海
52%
日車寛見 誅伏賜死
51%
禪院直哉 時胞月宮殿
50%
No matching quizzes found
Score Distribution
Percent of People with Each Score
Percentile by Number Answered
Your Score History
You have not taken this quiz